|
|
|
|
| LEADER |
01039nam a22002892a 4500 |
| 001 |
000200202 |
| 003 |
CZ BrMZK |
| 005 |
20080512064121.0 |
| 007 |
ta |
| 008 |
970107s1980 xr f 000 0 cze d |
| 015 |
|
|
|a cnb000158379
|
| 035 |
|
|
|a (OCoLC)5310922
|
| 035 |
|
|
|a (OCoLC)9203159
|
| 040 |
|
|
|a BOA001
|b cze
|
| 100 |
1 |
|
|a Vaněk, Jiří,
|d 1946 únor 19.-
|7 jk01141512
|4 aut
|
| 245 |
1 |
0 |
|a Teorie společenského vědomí /
|c Jiří Vaněk
|
| 250 |
|
|
|a 1. vyd.
|
| 260 |
|
|
|a Praha :
|b Panorama,
|c 1980
|
| 300 |
|
|
|a 272 s.
|
| 490 |
1 |
|
|a Pyramida
|
| 830 |
|
0 |
|a Pyramida (Panorama)
|0 s
|
| 856 |
4 |
1 |
|u http://www.digitalniknihovna.cz/mzk/uuid/uuid:81708000-4928-11e3-9c86-005056827e51
|y Digitalizovaný dokument
|x NDK
|
| 910 |
|
|
|a BOA001
|b PK-0090.355
|b 1-0834.229
|
| 964 |
|
|
|a Vědomí společenské - teorie - studie
|
| 990 |
|
|
|a BK
|
| 996 |
6 |
|
|b 2619583472
|c 1-0834.229
|l MZK
|r Sklad / do 1 hodiny
|n 0
|w 000200202
|u 000020
|a 1
|e BOA001
|j MZK50
|s P
|
| 996 |
7 |
|
|b 3119930680
|c PK-0090.355
|l MZK
|r Sklad / do 1 hodiny
|n 5
|w 000200202
|u 000010
|a 1
|e BOA001
|j MZK50
|s A
|